[Event "SVK-ch Region"]
[Site "Sklene Teplice"]
[Date "2005.??.??"]
[Round "?"]
[White "Granec, Jan"]
[Black "Benko, Jozef"]
[Result "1/2-1/2"]
[WhiteElo "1640"]
[BlackElo "1557"]
[PlyCount "90"]
[EventDate "2005.??.??"]
[EventType "swiss"]
[EventRounds "9"]
[EventCountry "SVK"]
[SourceTitle "EXT 2007"]
[Source "ChessBase"]
[SourceDate "2006.11.23"]
[SourceVersion "1"]
[SourceVersionDate "2006.11.23"]
[SourceQuality "1"]

1. e4 c5 2. Nc3 e6 3. Nf3 d6 4. h3 a6 5. Bc4 b5 6. Be2 Nc6 7. a3 Nf6 8. d3 Be7 9. 0-0 0-0 10. Nh2 Nd4 11. f4 Qc7 12. Be3 Nxe2+ 13. Nxe2 Bb7 14. f5 exf5 15. Rxf5 Bc8 16. Rf1 d5 17. Bf4 Qb6 18. e5 Nh5 19. Be3 g6 20. g4 Ng7 21. Qe1 d4 22. Bf4 Bb7 23. Qf2 Qd8 24. b3 Ne6 25. Bh6 Bh4 26. Ng3 Ng7 27. Nf3 Bxf3 28. Qxf3 Bg5 29. Bxg7 Kxg7 30. Ne4 Qe7 31. Qg3 Rae8 32. Rae1 Bh4 33. Qf4 Bxe1 34. Rxe1 Qxe5 35. Qf2 f5 36. gxf5 Rxf5 37. Qd2 Qe6 38. h4 Rh5 39. Qf4 Rf8 40. Qg3 Re5 41. Re2 Ref5 42. Re1 Rf4 43. Ng5 Qf5 44. Ne6+ Kh8 45. Nxf8 Rg4 1/2-1/2